L'invenzione della virilità : politica e immaginario maschile nell'Italia contemporanea /

সংরক্ষণ করুন:
গ্রন্থ-পঞ্জীর বিবরন
প্রধান লেখক: Bellassai, Sandro
বিন্যাস: গ্রন্থ
ভাষা:ইতালিয়
প্রকাশিত: Roma : Carocci, 2011
মালা:Frecce ; 121
বিষয়গুলি:
ট্যাগগুলো: ট্যাগ যুক্ত করুন
কোনো ট্যাগ নেই, প্রথমজন হিসাবে ট্যাগ করুন!

MARC

LEADER 00000nam a2200000 i 4500
001 IT\ICCU\UBO\3897455
003 ItRI
005 20260218100955.0
008 111114s2011 it |||||| ||||| |||||c
015 |2 IT  |a 2011-10663 
020 |a 9788843061501 
040 |b ita  |c ct 
041 7 |a ita  |2 ISO-639-2 
082 |a 305.31  |2 21 
100 1 |a Bellassai, Sandro  |0 IT\ICCU\RAVV\222297 
240 1 2 |a L'invenzione della virilità  |9 Bellassai, Sandro 
245 1 2 |a L'invenzione della virilità :  |b politica e immaginario maschile nell'Italia contemporanea /  |c Sandro Bellassai. 
260 |a Roma :  |b Carocci,  |c 2011 
300 |a 181 p. :  |b ill. ;  |c 22 cm. 
650 7 |a Uomini  |x Comportamento [e] Posizione sociale  |x Italia  |x Sec. 19.-20.  |2 nsbncf 
830 0 |a Frecce ;  |v 121  |0 IT\ICCU\UBO\2160583 
942 |2 ddc  |c BK 
952 |0 0  |1 0  |2 ddc  |4 0  |6 B_SSA03BELSAINV11  |7 0  |9 9130  |a MI  |b MI  |d 2012-02-10  |i 6385  |l 0  |o B-SSA03-BELSA-INV11  |p CDOM6385  |r 2025-07-17 21:50:45  |w 2025-07-17  |x DONO  |y BK 
952 |0 0  |1 0  |4 0  |6 305_310000000000000_BEL_INV  |7 0  |9 32955  |a VR  |b VR  |d 2026-02-16  |i 18  |l 0  |o 305.31 BEL INV  |p OBE-18  |r 2026-02-16 15:28:36  |w 2026-02-16  |y BK 
999 |c 7606  |d 7606